Welche tote Sprache? - Statistiken

Allgemein
  • Dieses Quiz wurde 43 mal gespielt
  • Das Durchschnittsergebnis liegt bei 2 aus 6
Antwortstatistiken
Satz Sprache % Korrekt
Puer cum pila in prato ludebat, deinde eum casu in rivum iecit. Latein
97%
ὁ φιλόσοφος ἀτυχής ἐστιν, διότι ὁ βασιλεὺς ἐν τῷ ἡλίῳ ἵστησι. Altgriechisch
76%
𓊵 𓇋𓏏 𓈖𓍯𓅱 Altägyptisch
54%
Se sunne scīnþ on þǣm heolstre, and se lyft blīðe wæst, and eall þæt folc glæd bið Altenglisch
11%
𐌀𐌋𐌄𐍃 𐍅𐌄𐌋𐍄𐍃 𐍄𐌖𐍂𐍄𐍃, 𐌆𐌉𐌖𐍃 𐍃𐌂𐌀𐍃 𐍄𐌖𐍂𐌔. Etruskisch
5%
𐌸𐍅 𐌱𐌹𐍃𐍄 𐍃𐍅𐌴 𐌺𐌹𐌻𐌰𐌽, 𐍃𐍅𐌴 𐌺𐌹𐌻𐌰 𐍃𐍄 𐍄𐌿 Gothisch
3%
Keine übereinstimmenden Quizze gefunden
Verteilung der Resultate
Anzahl Personen mit jedem Resultat
Perzentil nach korrekt beantworteten Fragen
Ihre Resultats-Entwicklung
Sie haben dieses Quiz noch nicht gespielt